00496nam a2200157Ia 4500008004100000082001600041100001900057245002900076260003100105365000600136630002900142730002900171942000900200999001900209952011000228100415s9999 xx 000 0 und d b8090a575.1 aDarlington CD aThe Elements of Genetics aLONDONc1949bGEORGE ALLEN b0 aThe Elements of Genetics aThe Elements of Genetics cBOOK c591041d591038 00104070aBNHSbBNHSd1997-08-26g0.00l0o575.1 8090pBNHS-8090r2010-04-15 00:00:00w2010-04-15yBOOK